[Event "II Trofeo Giovanni Pico"]
[Site "Mirandola ITA"]
[Date "2009.01.11"]
[Round "5"]
[White "Correggiari, Amedeo Luigi"]
[Black "Boni, Gianni"]
[Result "0-1"]
[WhiteElo "1440"]
[BlackElo "1883"]
[PlyCount "32"]
[EventDate "2009.01.09"]

1. d4 b6 2. Nf3 Bb7 3. e3 Nf6 4. Bd3 e6 5. O-O Ne4 6. Nbd2 f5 7. Ne5 Qf6 8.
Nxe4 fxe4 9. Be2 d6 10. Ng4 Qe7 11. f4 Nd7 12. c4 O-O-O 13. a3 e5 14. c5 dxc5
15. dxe5 Nxe5 16. Nxe5 Rxd1 0-1

[Event "II Trofeo Giovanni Pico"]
[Site "Mirandola ITA"]
[Date "2009.01.11"]
[Round "5"]
[White "Corvi, Marco"]
[Black "Bolognesi, Alberto"]
[Result "1-0"]
[WhiteElo "2319"]
[BlackElo "1898"]
[PlyCount "99"]
[EventDate "2009.01.09"]

1. c4 c5 2. Nc3 Nc6 3. g3 Nf6 4. Bg2 g6 5. Nf3 Bg7 6. O-O O-O 7. d4 cxd4 8.
Nxd4 Nxd4 9. Qxd4 d6 10. Qh4 Qa5 11. Bg5 Bd7 12. Rfd1 Be6 13. Nd5 Bxd5 14. Bxd5
Rac8 15. Rd3 b5 16. cxb5 Qxb5 17. Bb3 a5 18. Be3 Rc7 19. Rad1 Rb8 20. f3 Ra8
21. Qa4 Qe5 22. Qd4 Qxd4 23. Rxd4 Nd7 24. R4d2 Nc5 25. Bd5 Rac8 26. Bd4 Bxd4+
27. Rxd4 e6 28. Be4 Nxe4 29. fxe4 Rc2 30. R1d2 R8c6 31. Kf2 Rxd2 32. Rxd2 Kg7
33. Ke3 Kf6 34. Kd3 Ke7 35. Rc2 Rb6 36. b3 Rb5 37. Rb2 d5 38. a3 dxe4+ 39. Kxe4
f5+ 40. Kd4 Kd6 41. b4 e5+ 42. Kc4 Rb7 43. Rd2+ Kc6 44. bxa5 e4 45. a4 Rb1 46.
Ra2 Rc1+ 47. Kd4 Rd1+ 48. Kc3 e3 49. Rb2 g5 50. a6 1-0

[Event "II Trofeo Giovanni Pico"]
[Site "Mirandola ITA"]
[Date "2009.01.11"]
[Round "5"]
[White "Decaneto, Erick"]
[Black "Moi, Roberto"]
[Result "1-0"]
[WhiteElo "1548"]
[BlackElo "1957"]
[PlyCount "55"]
[EventDate "2009.01.09"]

1. d4 f5 2. c4 Nf6 3. Nc3 g6 4. Bf4 Bg7 5. e3 O-O 6. Nf3 d6 7. Be2 c6 8. O-O
Qe8 9. h3 Nh5 10. Bh2 e5 11. dxe5 dxe5 12. Nd2 Nf6 13. b4 Na6 14. Rb1 Bd7 15.
a4 Rd8 16. Qb3 c5 17. b5 Nb4 18. Rfd1 Nh5 19. Na2 Nxa2 20. Qxa2 f4 21. e4 g5
22. f3 Nf6 23. Kh1 h5 24. g4 hxg4 25. hxg4 Qg6 26. b6 axb6 27. Rxb6 Nxe4 28.
Rxg6 1-0

[Event "II Trofeo Giovanni Pico"]
[Site "Mirandola ITA"]
[Date "2009.01.11"]
[Round "5"]
[White "Fiorentini, Paolo"]
[Black "Solinas, Roberto"]
[Result "1/2-1/2"]
[WhiteElo "1982"]
[BlackElo "1773"]
[PlyCount "51"]
[EventDate "2009.01.09"]

1. d4 d5 2. Nf3 Nf6 3. c4 e6 4. Nc3 Be7 5. Bg5 h6 6. Bh4 O-O 7. e3 b6 8. cxd5
exd5 9. Bd3 Ba6 10. O-O Bxd3 11. Qxd3 c6 12. Rac1 Qd6 13. Rc2 Nbd7 14. Rfc1 Nh5
15. Bxe7 Qxe7 16. Ne2 Nb8 17. Qb3 Nf6 18. Nf4 Rd8 19. Nd3 Ne4 20. Nb4 Rd6 21.
Qa3 c5 22. Nd3 c4 23. Nf4 Qd8 24. Qb4 Nc6 25. Qe1 b5 26. Nd2 1/2-1/2

[Event "II Trofeo Giovanni Pico"]
[Site "Mirandola ITA"]
[Date "2009.01.11"]
[Round "5"]
[White "Guaragno, Michele"]
[Black "Garofalo, Sergio"]
[Result "1-0"]
[WhiteElo "1885"]
[BlackElo "1804"]
[PlyCount "73"]
[EventDate "2009.01.09"]

1. e4 e5 2. Nf3 Nc6 3. Bb5 Bc5 4. O-O d6 5. h3 a6 6. Bxc6+ bxc6 7. c3 Bb6 8. d4
Qe7 9. dxe5 dxe5 10. Na3 f6 11. Qa4 Qe6 12. Nc2 Bd7 13. Ne3 Ne7 14. Rd1 O-O 15.
Qc2 Rad8 16. a4 a5 17. b4 Bc8 18. Ba3 Rfe8 19. Rxd8 Rxd8 20. Rd1 Re8 21. Bc1
Ng6 22. Nf5 Nf4 23. Bxf4 exf4 24. Re1 c5 25. bxc5 Bxc5 26. Qd2 Qc4 27. Qxf4
Bxf5 28. Qxf5 Qxc3 29. Qd5+ Kf8 30. Rd1 Bd6 31. Nd4 Rb8 32. Ne6+ Ke7 33. Nxg7
Qe5 34. Nf5+ Kd7 35. Qf7+ Kc6 36. Nxd6 cxd6 37. Rc1+ 1-0

[Event "II Trofeo Giovanni Pico"]
[Site "Mirandola ITA"]
[Date "2009.01.11"]
[Round "5"]
[White "Malfagia, Andrea"]
[Black "Drei, Andrea"]
[Result "0-1"]
[WhiteElo "2263"]
[BlackElo "2276"]
[PlyCount "100"]
[EventDate "2009.01.09"]

1. d4 Nf6 2. c4 e6 3. Nc3 Bb4 4. Qc2 O-O 5. a3 Bxc3+ 6. Qxc3 b5 7. cxb5 c6 8.
Bg5 cxb5 9. Nf3 Bb7 10. e3 a6 11. Bd3 h6 12. Bh4 Nc6 13. O-O Rc8 14. Qe1 Ne7
15. e4 Ng6 16. Bg3 Qb6 17. Qe3 Ng4 18. Qe2 f5 19. e5 h5 20. Rfd1 Qd8 21. h3 h4
22. hxg4 hxg3 23. gxf5 Nf4 24. Qe3 gxf2+ 25. Qxf2 Nxd3 26. Rxd3 Rxf5 27. Rf1
Bd5 28. Re3 Qb6 29. Qh4 Rcf8 30. Nd2 Qd8 31. Qxd8 Rxf1+ 32. Nxf1 Rxd8 33. Rc3
d6 34. Ne3 dxe5 35. dxe5 Be4 36. b4 Rd2 37. Kh2 Kh7 38. Kg3 Kg6 39. Kg4 Rd4 40.
Kg3 Kg5 41. Rb3 g6 42. Rc3 Rd2 43. Rb3 Ra2 44. Rc3 Re2 45. Rb3 Ra2 46. Rc3 Rb2
47. Kh3 Kf4 48. g3+ Kxe5 49. Rc5+ Kd6 50. Kg4 Rb3 0-1

[Event "II Trofeo Giovanni Pico"]
[Site "Mirandola ITA"]
[Date "2009.01.11"]
[Round "5"]
[White "Marino, Francesco V."]
[Black "Bertani, Gianfranco"]
[Result "0-1"]
[WhiteElo "1854"]
[BlackElo "2100"]
[PlyCount "102"]
[EventDate "2009.01.09"]

1. c4 f5 2. Nf3 Nf6 3. g3 e6 4. Bg2 c6 5. O-O d5 6. cxd5 exd5 7. d3 Bd6 8. b3
O-O 9. Bb2 f4 10. Nbd2 Bg4 11. Ne5 fxg3 12. fxg3 Qb6+ 13. Kh1 Qe3 14. Rxf6 Bxe5
15. Rxf8+ Kxf8 16. Bxe5 Qxe5 17. Nf3 Qe3 18. Qc2 Nd7 19. Rf1 Kg8 20. h3 Bh5 21.
g4 Bg6 22. Nh4 Re8 23. Re1 Bxd3 24. Qc3 Bg6 25. Qxe3 Rxe3 26. Nxg6 hxg6 27. Kg1
g5 28. Kf2 Re5 29. Rc1 Kf7 30. b4 Ke7 31. a4 Kd6 32. Ke1 Re3 33. Rb1 Ne5 34. a5
Ng6 35. Kf2 Ra3 36. e3 Ne5 37. Bf1 Ra2+ 38. Kg3 a6 39. Rb3 Rd2 40. h4 gxh4+ 41.
Kxh4 Rf2 42. Bh3 Re2 43. Kg3 g5 44. Bf1 Rd2 45. Rb1 Nd7 46. Kf3 Nf6 47. Rb3 Ne4
48. Be2 Ra2 49. Rd3 Ke5 50. Rd4 Rb2 51. Rd1 Nc3 0-1

[Event "II Trofeo Giovanni Pico"]
[Site "Mirandola ITA"]
[Date "2009.01.11"]
[Round "5"]
[White "Molinari, Enzo"]
[Black "Tomasi, Valentina"]
[Result "0-1"]
[WhiteElo "1470"]
[BlackElo "1431"]
[PlyCount "112"]
[EventDate "2009.01.09"]

1. d4 d5 2. Nf3 Bf5 3. e3 Nf6 4. c4 e6 5. Nc3 Bb4 6. Bd2 c5 7. cxd5 Nxd5 8.
Nxd5 Bxd2+ 9. Qxd2 exd5 10. Bd3 Bxd3 11. Qxd3 c4 12. Qa3 Nc6 13. O-O Qe7 14.
Qxe7+ Kxe7 15. b3 b5 16. bxc4 bxc4 17. Rfc1 f5 18. Rab1 Rab8 19. Nd2 Rxb1 20.
Rxb1 Rb8 21. f4 c3 22. Rxb8 Nxb8 23. Nb3 Nc6 24. Kf2 Kf6 25. Ke2 g5 26. g3 gxf4
27. gxf4 Kg6 28. Kd3 Nb4+ 29. Kxc3 Nxa2+ 30. Kd3 Kh5 31. Nd2 Kg4 32. Ke2 a5 33.
Kf2 a4 34. Kg2 Nc1 35. h3+ Kh5 36. Nb1 Nd3 37. Na3 Kh4 38. Nc2 Nb2 39. Na3 Nd1
40. Nc2 Nc3 41. Na3 Kh5 42. Kg3 Ne4+ 43. Kg2 Kg6 44. Nc2 Kf7 45. Kf1 Ke7 46.
Ke2 h5 47. h4 Kd7 48. Kd3 Kc7 49. Na3 Kb6 50. Kc2 Ka5 51. Kb2 Kb4 52. Nc2+ Kc4
53. Ne1 Nc3 54. Ka3 Nd1 55. Ng2 Kd3 56. Kxa4 Nxe3 0-1

[Event "II Trofeo Giovanni Pico"]
[Site "Mirandola ITA"]
[Date "2009.01.11"]
[Round "5"]
[White "Raisi, Michele"]
[Black "De Biaggi, Paolo"]
[Result "1-0"]
[WhiteElo "1462"]
[BlackElo "1904"]
[PlyCount "55"]
[EventDate "2009.01.09"]

1. e4 e5 2. Nf3 Nf6 3. Nc3 Bb4 4. Bc4 Nc6 5. O-O O-O 6. Re1 d6 7. h3 Be6 8.
Bxe6 fxe6 9. d4 exd4 10. Nxd4 Nxd4 11. Qxd4 Bc5 12. Qc4 Qd7 13. Be3 Bxe3 14.
Rxe3 d5 15. exd5 exd5 16. Qb3 c5 17. Ne2 c4 18. Qb4 a5 19. Qc5 Ne4 20. Rxe4
dxe4 21. Qxc4+ Qf7 22. Qxf7+ Rxf7 23. Rd1 Raf8 24. Nc3 Rxf2 25. Nxe4 Rxc2 26.
Ng5 Rff2 27. Kh1 Rxg2 28. Rd8# 1-0

[Event "II Trofeo Giovanni Pico"]
[Site "Mirandola ITA"]
[Date "2009.01.11"]
[Round "5"]
[White "Sciortino, Massimo"]
[Black "Trangoni, Bruno"]
[Result "0-1"]
[WhiteElo "2196"]
[BlackElo "1998"]
[PlyCount "62"]
[EventDate "2009.01.09"]

1. e4 g6 2. d4 Bg7 3. Nc3 d6 4. f4 a6 5. Nf3 b5 6. e5 dxe5 7. fxe5 Nd7 8. Bd3
c5 9. Be4 Rb8 10. e6 fxe6 11. Ng5 Qb6 12. Bf4 cxd4 13. Qf3 dxc3 14. Bc7 Ne5 15.
Bxe5 Bxe5 16. Qf7+ Kd8 17. O-O-O+ Kc7 18. Qe8 Bd6 19. Rxd6 Qxd6 20. Rd1 cxb2+
21. Kxb2 Nf6 22. Qf7 Qxd1 23. Qxe7+ Nd7 24. Nxe6+ Kb6 25. Bd3 Ka7 26. Qd6 Rb6
27. Qc7+ Rb7 28. Qc3 Re8 29. Qc6 Qe1 30. Be4 Qb4+ 31. Kc1 Qc4 0-1

[Event "II Trofeo Giovanni Pico"]
[Site "Mirandola ITA"]
[Date "2009.01.11"]
[Round "5"]
[White "Setti, Massimo"]
[Black "Zuccaro, Guido"]
[Result "0-1"]
[WhiteElo "1494"]
[BlackElo "1770"]
[PlyCount "89"]
[EventDate "2009.01.09"]

1. c4 e5 2. Nc3 Nf6 3. g3 g6 4. Bg2 Bg7 5. e3 O-O 6. Nge2 d6 7. O-O Nc6 8. d4
Bg4 9. h3 exd4 10. exd4 Bd7 11. Be3 Qc8 12. Kh2 Re8 13. Qd2 Bf5 14. a3 Ne4 15.
Nxe4 Bxe4 16. Bxe4 Rxe4 17. Nc3 Re8 18. Rad1 Qf5 19. b4 a6 20. Nd5 Rac8 21.
Rfe1 Qf3 22. a4 Ne7 23. Nxe7+ Rxe7 24. b5 axb5 25. axb5 Rce8 26. Qe2 Qe4 27.
Rd2 Bxd4 28. Qd1 Bxe3 29. Rxe3 Qxc4 30. Rc2 Qxb5 31. Rxe7 Rxe7 32. Qg4 Qd7 33.
Qb4 c6 34. Ra2 Kg7 35. h4 h5 36. Rd2 d5 37. Qd4+ f6 38. Qc5 Qc7 39. Rd3 b6 40.
Qd4 Re4 41. Qc3 Rxh4+ 42. Kg2 Rc4 43. Qb3 b5 44. Re3 Re4 45. Rc3 0-1

[Event "II Trofeo Giovanni Pico"]
[Site "Mirandola ITA"]
[Date "2009.01.11"]
[Round "5"]
[White "Vicari, Luigi"]
[Black "Salvioli, Alessandro"]
[Result "0-1"]
[WhiteElo "2000"]
[BlackElo "1875"]
[PlyCount "97"]
[EventDate "2009.01.09"]

1. d4 Nf6 2. Nf3 g6 3. c4 Bg7 4. g3 d6 5. Bg2 O-O 6. O-O Nbd7 7. Nc3 c5 8. h3
a6 9. Be3 Qc7 10. Qd2 Rb8 11. Rac1 cxd4 12. Nxd4 Ne5 13. b3 Bd7 14. Nd5 Qd8 15.
Rfd1 Rc8 16. Bh6 Nxd5 17. Bxg7 Kxg7 18. cxd5 f6 19. f4 Nf7 20. Rxc8 Bxc8 21.
Rc1 Bd7 22. Kf1 Qb6 23. Ne6+ Bxe6 24. dxe6 Nd8 25. Bd5 Nc6 26. Rc4 Rc8 27. Qc3
Qb5 28. Qf3 Qb6 29. Qe4 Qb5 30. h4 Qb6 31. h5 Qb5 32. Qh1 Qb6 33. h6+ Kh8 34.
Qe4 Rc7 35. Qd3 Nb4 36. Rxc7 Qxc7 37. Qc4 Qxc4 38. Bxc4 Nxa2 39. Bd5 b5 40. Ke1
a5 41. Kd2 Nb4 42. Bf3 Kg8 43. g4 Kf8 44. Kc3 Na6 45. Bc6 Nc7 46. f5 Kg8 47.
Kd4 Kf8 48. e3 Kg8 49. Bd5 0-1

[Event "C.to Provinciale LI"]
[Site "Livorno ITA"]
[Date "2009.01.10"]
[Round "1"]
[White "Codenotti, Marco"]
[Black "Leone, Valerio"]
[Result "0-1"]
[WhiteElo "1992"]
[BlackElo "1604"]
[PlyCount "68"]
[EventDate "2009.01.10"]

1. e4 g6 2. d4 Bg7 3. Nc3 c6 4. Nf3 d5 5. e5 Bg4 6. Be2 Bxf3 7. Bxf3 e6 8. Bf4
Nd7 9. O-O Ne7 10. Ne2 O-O 11. c3 Nf5 12. Bg4 c5 13. Qd2 Rc8 14. Bg5 f6 15.
exf6 Bxf6 16. Bxf6 Qxf6 17. Rae1 cxd4 18. Nxd4 Rce8 19. Nxe6 Rxe6 20. Qxd5 Rfe8
21. Rxe6 Qxe6 22. Qxb7 Rb8 23. Qxa7 Rxb2 24. a4 Rd2 25. h3 Qc4 26. a5 Nc5 27.
Qb8+ Kf7 28. Qh8 Ng7 29. Qc8 h5 30. Bf3 Qxc3 31. a6 Qa5 32. Rc1 Nge6 33. Bb7
Rd6 34. Bc6 Rd8 0-1

[Event "C.to Provinciale LI"]
[Site "Livorno ITA"]
[Date "2009.01.10"]
[Round "1"]
[White "Rizzacasa, Alessandro"]
[Black "Calcagnile, Lucio"]
[Result "0-1"]
[WhiteElo "1529"]
[BlackElo "1905"]
[PlyCount "62"]
[EventDate "2009.01.10"]

1. e4 c5 2. Nf3 d6 3. d4 cxd4 4. Nxd4 Nf6 5. Nc3 a6 6. Be2 e5 7. Nf3 Be7 8. O-O
O-O 9. h3 Nbd7 10. Be3 b5 11. a3 Bb7 12. Nd2 Qc7 13. f3 Rac8 14. Nb3 Nb6 15.
Bd3 Nc4 16. Bxc4 bxc4 17. Nc1 Rfd8 18. Qd2 d5 19. exd5 Nxd5 20. Nxd5 Rxd5 21.
Qf2 c3 22. b4 a5 23. Nd3 Ba6 24. Rfd1 Qd7 25. Qf1 Qa4 26. Qf2 Bxd3 27. Rxd3
Rxd3 28. cxd3 axb4 29. Qg3 b3 30. Qxe5 Bf6 31. Qf5 Re8 0-1

[Event "C.to Provinciale LI"]
[Site "Livorno ITA"]
[Date "2009.01.11"]
[Round "3"]
[White "Cheli, Giancarlo"]
[Black "Calcagnile, Lucio"]
[Result "1/2-1/2"]
[WhiteElo "2017"]
[BlackElo "1905"]
[PlyCount "83"]
[EventDate "2009.01.10"]

1. e4 c5 2. Nf3 d6 3. d4 cxd4 4. Qxd4 a6 5. c4 Nc6 6. Qd1 Nf6 7. Nc3 e6 8. Be2
Be7 9. O-O O-O 10. b3 Bd7 11. Bf4 Qa5 12. Rc1 Ne5 13. Qd2 Qc7 14. c5 Bc6 15.
Qc2 Nfd7 16. cxd6 Bxd6 17. Nxe5 Bxe5 18. Bxe5 Qxe5 19. Bf3 Nf6 20. Qe2 Rfd8 21.
Qc2 Rd4 22. Rcd1 Rad8 23. Rxd4 Rxd4 24. Re1 g6 25. Ne2 Rd8 26. Ng3 h5 27. Nf1
Qa5 28. Re2 Nh7 29. g3 Ng5 30. Bg2 e5 31. Rd2 Ne6 32. Rxd8+ Qxd8 33. Qd2 Qd4
34. h3 Kg7 35. Kh2 Kf6 36. h4 Bb5 37. Qe1 Qb2 38. Qd2 Qxd2 39. Nxd2 a5 40. Bf1
Bxf1 41. Nxf1 Nc5 42. Nd2 1/2-1/2

[Event "C.to Provinciale LI"]
[Site "Livorno ITA"]
[Date "2009.01.11"]
[Round "3"]
[White "Leone, Valerio"]
[Black "Giuntoli, Andrea"]
[Result "1-0"]
[WhiteElo "1604"]
[BlackElo "1995"]
[PlyCount "63"]
[EventDate "2009.01.10"]

1. d4 Nf6 2. Nf3 g6 3. e3 Bg7 4. Be2 O-O 5. O-O d6 6. b3 Nbd7 7. Bb2 c5 8. Nbd2
Qc7 9. Rc1 a6 10. c4 b6 11. Qc2 Bb7 12. d5 b5 13. Ng5 bxc4 14. bxc4 a5 15. f4
a4 16. e4 a3 17. Bc3 Ne8 18. Rce1 Bxc3 19. Qxc3 Ng7 20. Qh3 Nf6 21. Bd3 Qc8 22.
Qh6 Qg4 23. Be2 Qd7 24. h3 e6 25. Bg4 Rfe8 26. e5 Nxg4 27. Qxh7+ Kf8 28. Qh8+
Ke7 29. Qxg7 exd5 30. Nxf7 Nxe5 31. Nxe5+ Kd8 32. Qxd7# 1-0

[Event "C.to Provinciale LI"]
[Site "Livorno ITA"]
[Date "2009.01.11"]
[Round "3"]
[White "Soventi, Maurizio"]
[Black "Codenotti, Marco"]
[Result "0-1"]
[WhiteElo "1891"]
[BlackElo "1992"]
[PlyCount "49"]
[EventDate "2009.01.10"]

1. e4 c5 2. Nf3 d6 3. d4 cxd4 4. Nxd4 Nf6 5. Nc3 a6 6. Be3 e6 7. Qd2 b5 8. f3
Nbd7 9. O-O-O Nb6 10. g4 Bb7 11. Qf2 Nfd7 12. Nb3 Rc8 13. Bd3 Rxc3 14. bxc3 Qc7
15. h4 Na4 16. Kd2 Nxc3 17. Ra1 d5 18. Qh2 Bd6 19. Qg2 dxe4 20. fxe4 Nf6 21.
Bd4 Ncxe4+ 22. Bxe4 Nxe4+ 23. Ke1 Bb4+ 24. c3 Bxc3+ 25. Bxc3 0-1

[Event "C.to Provinciale LI"]
[Site "Livorno ITA"]
[Date "2009.01.17"]
[Round "4"]
[White "Calcagnile, Lucio"]
[Black "Codenotti, Marco"]
[Result "1/2-1/2"]
[WhiteElo "1905"]
[BlackElo "1992"]
[PlyCount "122"]
[EventDate "2009.01.10"]

1. e4 c5 2. Nf3 d6 3. d4 cxd4 4. Nxd4 Nf6 5. Nc3 a6 6. Be3 e6 7. g4 e5 8. Nf5
h5 9. f3 hxg4 10. fxg4 g6 11. Qf3 gxf5 12. exf5 Bd7 13. Rg1 Bc6 14. Qf2 d5 15.
O-O-O Bb4 16. g5 Bxc3 17. gxf6 Bb4 18. Bc4 d4 19. c3 Qc7 20. Bxd4 exd4 21. Qxd4
Bd6 22. Qxd6 Qxd6 23. Rxd6 Nd7 24. Re1+ Kd8 25. Re7 Kc7 26. Rd2 Rad8 27. Rxf7
Kb8 28. Be6 Ne5 29. Rxd8+ Rxd8 30. Rg7 Be8 31. f7 Nxf7 32. Bxf7 Rd7 33. Bxe8
Rxg7 34. h4 Kc7 35. h5 Kd6 36. Bg6 Ke5 37. h6 Rd7 38. h7 Rd8 39. Bf7 Kf6 40.
Bg8 Kg7 41. f6+ Kh8 42. Kc2 b6 43. b4 b5 44. Kb3 Rd3 45. f7 Rf3 46. a4 Rf2 47.
axb5 axb5 48. Ka3 Rf3 49. Kb2 Rf2+ 50. Kc1 Kg7 51. Kd1 Rh2 52. Ke1 Kf8 53. Kf1
Kg7 54. Kg1 Rh5 55. Kg2 Rf5 56. Kg3 Rf1 57. Kg4 Kh8 58. Kg5 Rf2 59. Kg6 Rf6+
60. Kg5 Rf2 61. Kg6 Rf6+ 1/2-1/2

[Event "C.to Provinciale LI"]
[Site "Livorno ITA"]
[Date "2009.01.17"]
[Round "4"]
[White "Giuntoli, Andrea"]
[Black "Calisi, Elia"]
[Result "1-0"]
[WhiteElo "1995"]
[BlackElo "1868"]
[PlyCount "53"]
[EventDate "2009.01.10"]

1. e4 c5 2. Nc3 e6 3. Nge2 g6 4. g3 Bg7 5. Bg2 Ne7 6. d3 a6 7. Be3 O-O 8. Bxc5
d6 9. Be3 Qc7 10. Qd2 Rd8 11. Bh6 Bh8 12. O-O Nbc6 13. Nd1 d5 14. c3 b5 15. Ne3
d4 16. Ng4 e5 17. f3 Bxg4 18. fxg4 Qd7 19. Rf3 Qxg4 20. Raf1 f6 21. cxd4 exd4
22. Nf4 Ne5 23. Bh3 Nxf3+ 24. Rxf3 Qxh3 25. Nxh3 g5 26. Qb4 Ng6 27. Qb3+ 1-0

[Event "C.to Provinciale LI"]
[Site "Livorno ITA"]
[Date "2009.01.18"]
[Round "5"]
[White "Codenotti, Marco"]
[Black "Rossi, Paolo Antonio"]
[Result "1-0"]
[WhiteElo "1992"]
[BlackElo "1620"]
[PlyCount "47"]
[EventDate "2009.01.10"]

1. e4 c5 2. Nc3 Nf6 3. e5 Ng8 4. Nf3 Nc6 5. Bc4 e6 6. Ne4 d5 7. exd6 Bxd6 8. d3
Be7 9. Be3 Qa5+ 10. Bd2 Qc7 11. Bc3 Nf6 12. Qe2 b6 13. O-O Bb7 14. Neg5 Bd6 15.
Rfe1 Qe7 16. Qd2 Nd8 17. Nxf7 Kxf7 18. Ng5+ Kf8 19. Nxe6+ Nxe6 20. Rxe6 Qd8 21.
Bxf6 Qc7 22. Rae1 Bxh2+ 23. Kh1 Bf4 24. Be7+ 1-0

[Event "C.to Provinciale LI"]
[Site "Livorno ITA"]
[Date "2009.01.18"]
[Round "6"]
[White "Giuntoli, Andrea"]
[Black "Codenotti, Marco"]
[Result "1-0"]
[WhiteElo "1995"]
[BlackElo "1992"]
[PlyCount "77"]
[EventDate "2009.01.10"]

1. e4 d6 2. d4 Nf6 3. Nc3 g6 4. g3 Bg7 5. Bg2 O-O 6. Be3 e5 7. d5 Ng4 8. Bd2 f5
9. f3 Nf6 10. Be3 c5 11. Qd2 a6 12. a4 b6 13. Nh3 fxe4 14. fxe4 Ng4 15. Nd1
Nxe3 16. Qxe3 Nd7 17. Ndf2 Nf6 18. O-O Qe7 19. Qe2 Bd7 20. Bf3 Kh8 21. Ng4 Rf7
22. Nhf2 Ne8 23. Ne3 Nc7 24. Bg4 Raf8 25. Bxd7 Qxd7 26. Qg4 Qe7 27. Nh3 Bh6 28.
Nc4 b5 29. Rxf7 Rxf7 30. Na5 Ne8 31. Nc6 Qf8 32. axb5 Nf6 33. Qe2 axb5 34. Rf1
Kg8 35. g4 Qc8 36. Rxf6 Qd7 37. Rxf7 Qxf7 38. Qf2 Qd7 39. Qf3 1-0

[Event "VI C.to del Mediterraneo"]
[Site "Antalya TUR"]
[Date "2009.01.11"]
[Round "1"]
[White "Yanik, Emine"]
[Black "Vocaturo, Daniele"]
[Result "0-1"]
[WhiteElo "2046"]
[BlackElo "2445"]
[PlyCount "58"]
[EventDate "2009.01.11"]

1. d4 Nf6 2. Nf3 e6 3. Bg5 h6 4. Bh4 d6 5. c4 g5 6. Bg3 Nh5 7. e3 Bg7 8. Nc3
O-O 9. Be2 f5 10. Qc2 Qe7 11. O-O-O b6 12. Nd2 Nxg3 13. hxg3 Nd7 14. Bf3 Rb8
15. Nb5 g4 16. Nxa7 gxf3 17. Nc6 Qf7 18. Nxb8 fxg2 19. Rh2 Nxb8 20. Rxg2 Bb7
21. Rh2 c5 22. Nb3 Bf3 23. Re1 Be4 24. Qe2 Qa7 25. f3 Qxa2 26. fxe4 Qxb3 27.
exf5 Nc6 28. Reh1 Ra8 29. Kb1 Nb4 0-1

[Event "VI C.to del Mediterraneo"]
[Site "Antalya TUR"]
[Date "2009.01.11"]
[Round "2"]
[White "Vocaturo, Daniele"]
[Black "Sedina, Elena"]
[Result "1-0"]
[WhiteElo "2445"]
[BlackElo "2380"]
[PlyCount "65"]
[EventDate "2009.01.11"]

1. e4 e6 2. d4 d5 3. Nc3 Bb4 4. e5 c5 5. a3 Bxc3+ 6. bxc3 Ne7 7. h4 Qc7 8. Rh3
b6 9. h5 h6 10. Qg4 Nf5 11. Bd2 Ba6 12. Bxa6 Nxa6 13. Qe2 Nb8 14. g4 Ne7 15.
Qd3 Nd7 16. Ne2 Rc8 17. a4 cxd4 18. cxd4 Qc4 19. a5 b5 20. a6 Nb6 21. Nc3 O-O
22. Nxb5 Qxc2 23. Nxa7 Rc4 24. Qxc2 Rxc2 25. Rc3 Rxc3 26. Bxc3 Ra8 27. Nb5 Nc6
28. Ke2 Kf8 29. a7 Nc8 30. Ra6 N6xa7 31. Bb4+ Kg8 32. Bc5 Rb8 33. Nxa7 1-0

[Event "VI C.to del Mediterraneo"]
[Site "Antalya TUR"]
[Date "2009.01.12"]
[Round "3"]
[White "Aroshidze, Levan"]
[Black "Vocaturo, Daniele"]
[Result "0-1"]
[WhiteElo "2526"]
[BlackElo "2445"]
[PlyCount "68"]
[EventDate "2009.01.11"]

1. e4 c5 2. Nf3 d6 3. d4 cxd4 4. Nxd4 Nf6 5. Nc3 g6 6. Be3 Bg7 7. f3 O-O 8. Qd2
Nc6 9. Bc4 Bd7 10. O-O-O Rc8 11. Bb3 Ne5 12. Kb1 Re8 13. h4 h5 14. g4 hxg4 15.
h5 Rxc3 16. bxc3 Nxf3 17. Nxf3 Nxe4 18. Qd3 Nxc3+ 19. Kc1 Bf5 20. Bxf7+ Kf8 21.
Qc4 gxf3 22. h6 Ne2+ 23. Kb1 Nc3+ 24. Kc1 Bh8 25. h7 e6 26. Bg8 Qa5 27. Rd3
Nxa2+ 28. Kb1 Nc3+ 29. Rxc3 Bxc3 30. Bh6+ Ke7 31. Bg5+ Kd7 32. Qxc3 Qxc3 33.
h8=Q Qxh8 34. Rxh8 Rxg8 0-1

[Event "VI C.to del Mediterraneo"]
[Site "Antalya TUR"]
[Date "2009.01.13"]
[Round "4"]
[White "Berke, Ana"]
[Black "Sedina, Elena"]
[Result "0-1"]
[WhiteElo "2081"]
[BlackElo "2380"]
[PlyCount "88"]
[EventDate "2009.01.11"]

1. e4 e6 2. d4 d5 3. Nd2 c5 4. Ngf3 a6 5. c3 Nc6 6. exd5 exd5 7. dxc5 Bxc5 8.
Nb3 Bb6 9. Nbd4 Nf6 10. Bg5 O-O 11. Be2 Re8 12. O-O h6 13. Bh4 g5 14. Bg3 Ne4
15. Re1 f5 16. c4 f4 17. Bxf4 gxf4 18. cxd5 Nxd4 19. Nxd4 Qxd5 20. Qa4 Bd7 21.
Bc4 Bxa4 22. Bxd5+ Kh8 23. Bxe4 Bxd4 24. Bxb7 Bxb2 25. Rab1 Rxe1+ 26. Rxe1 Ra7
27. Bd5 Rc7 28. g3 Rc1 29. Rxc1 Bxc1 30. Kg2 Kg7 31. Kf3 Kf6 32. gxf4 Bd1+ 33.
Kg3 Kf5 34. f3 Bxf4+ 35. Kg2 Ke5 36. Bb7 Be2 37. h4 a5 38. Bc6 Bc4 39. a4 Bd5
40. Bb5 Kd4 41. Be2 Ke3 42. Bb5 Bxf3+ 43. Kf1 Bg3 44. h5 Bxh5 0-1

[Event "VI C.to del Mediterraneo"]
[Site "Antalya TUR"]
[Date "2009.01.13"]
[Round "4"]
[White "Gurevich, Mikhail N."]
[Black "Vocaturo, Daniele"]
[Result "1/2-1/2"]
[WhiteElo "2624"]
[BlackElo "2445"]
[PlyCount "120"]
[EventDate "2009.01.11"]

1. c4 g6 2. Nc3 Bg7 3. g3 d6 4. Bg2 e5 5. d3 f5 6. e3 Nf6 7. Nge2 O-O 8. O-O
Nc6 9. Rb1 a5 10. b3 Ne7 11. f4 c6 12. Qd2 Re8 13. Bb2 exf4 14. Nxf4 g5 15.
Nfe2 d5 16. cxd5 Nexd5 17. Nxd5 Nxd5 18. Bxg7 Kxg7 19. e4 fxe4 20. dxe4 Nc7 21.
Qb2+ Kg8 22. Nd4 Qe7 23. Rbe1 Qe5 24. Qf2 Be6 25. Nf3 Qg7 26. Qc5 h6 27. Nd4
Na6 28. Qb6 Qc7 29. Qxc7 Nxc7 30. Nf5 Bxf5 31. Rxf5 Re7 32. Bf1 Kg7 33. a4 Ne6
34. Rd1 Nf8 35. Bc4 Ng6 36. Rd6 Ne5 37. Re6 Rxe6 38. Bxe6 b6 39. h4 Rd8 40.
hxg5 hxg5 41. Kf2 Rd2+ 42. Ke1 Rd6 43. Bc8 Nf7 44. e5 Rd5 45. Ke2 Rxe5+ 46.
Rxe5 Nxe5 47. Ke3 Kf6 48. Kd4 Nf7 49. Bd7 Nd8 50. Ke4 Ke7 51. Bg4 Ne6 52. Ke5
Nc5 53. Bd1 b5 54. axb5 cxb5 55. Kd5 a4 56. bxa4 Nxa4 57. Ke5 Nc5 58. Be2 b4
59. Bc4 b3 60. Bxb3 Nxb3 1/2-1/2

[Event "VI C.to del Mediterraneo"]
[Site "Antalya TUR"]
[Date "2009.01.13"]
[Round "5"]
[White "Sedina, Elena"]
[Black "El Gindy, Essam"]
[Result "0-1"]
[WhiteElo "2380"]
[BlackElo "2527"]
[PlyCount "136"]
[EventDate "2009.01.11"]

1. e4 c5 2. Nf3 a6 3. c3 e6 4. d4 d5 5. e5 Nc6 6. Bd3 Bd7 7. a3 Qb6 8. Bc2 a5
9. O-O Nh6 10. b3 Be7 11. dxc5 Bxc5 12. Bxh6 gxh6 13. Nbd2 Be7 14. Qe2 Rc8 15.
Bd3 Bg5 16. c4 Be7 17. cxd5 exd5 18. Rfb1 Bg4 19. Qf1 O-O 20. h3 Be6 21. Qe2
Nd4 22. Nxd4 Qxd4 23. Nf3 Qb6 24. Qd2 Kg7 25. b4 axb4 26. axb4 Rg8 27. Ra3 Bd7
28. Qf4 Kh8 29. Kh1 Qxf2 30. Rg1 Bxh3 31. Bf1 Be6 32. Qxh6 Rg6 33. Qh2 Kg7 34.
g3 Rh6 35. Nh4 Qxh2+ 36. Kxh2 Bxb4 37. Rb3 Bc5 38. Rg2 b6 39. Bd3 Rh5 40. Re2
Re8 41. Rb1 Bg4 42. Ra2 Rhxe5 43. Rf1 Re3 44. Ra7 R8e7 45. Rxe7 Bxe7 46. Rf4
Be6 47. Nf5+ Bxf5 48. Bxf5 h6 49. Rd4 Re5 50. Bd7 Bc5 51. Rg4+ Rg5 52. Rf4 d4
53. Rf3 Re5 54. Bb5 Re3 55. Rxe3 dxe3 56. Kg2 Kf6 57. Kf3 Ke5 58. Be8 f6 59.
Bc6 Kd4 60. Bb5 Ke5 61. Bc6 Bd4 62. Bb5 Kd5 63. Be2 Kc5 64. Ke4 b5 65. Kd3 b4
66. Bd1 f5 67. Bb3 h5 68. Bf7 f4 0-1